Festschrift zur Erinnerung an den fünfzigjährigen Bestand als Staatsanstalt : 1873-1923

Corporate Author: Staats-Realgymnasium (Mikulov, Břeclav, Česko)
Language: German
Published: Nikolsburg : im Verlag der Schülerlade der Anstalt, 1924
Physical Description: 65 stran : ilustrace ; 23 cm
Book
Saved in:
LEADER 01572nam a22004092i 4500
001 000574196
003 CZ BrMZK
005 20190412112041.0
008 011010s1924 xr f ger d
015 |a cnb003002074  |z cnb001844045  |z cnb001843135 
020 |q (Brožováno) 
040 |a ABA001  |b cze  |d BOA001  |e rda 
043 |a e-xr---  |b e-xr-jm  |2 czenas 
045 |a w7x2 
072 7 |a 373.5  |x Střední školy  |2 Konspekt  |9 22 
080 |a 373.54  |2 MRF 
080 |a (437.322)  |2 MRF 
080 |a (082.2)  |2 MRF 
110 2 |a Staats-Realgymnasium (Mikulov, Břeclav, Česko)  |7 ko2009492859  |4 aut 
245 1 0 |a Festschrift zur Erinnerung an den fünfzigjährigen Bestand als Staatsanstalt :  |b 1873-1923 
264 1 |a Nikolsburg :  |b im Verlag der Schülerlade der Anstalt,  |c 1924 
300 |a 65 stran :  |b ilustrace ;  |c 23 cm 
336 |a text  |b txt  |2 rdacontent 
337 |a bez média  |b n  |2 rdamedia 
338 |a svazek  |b nc  |2 rdacarrier 
500 |a Nad názvem: Staats-Realgymnasium in Nikolsburg (gegründet 1631 als Piaristengymnasium) 
648 7 |a 19.-20. století  |7 ch757015  |2 czenas 
648 4 |a 1873-1923 
650 0 7 |a gymnázia  |7 ph114644  |z Česko  |y 19.-20. století  |2 czenas 
651 7 |a Mikulov (Břeclav, Česko)  |7 ge130005  |2 czenas 
655 7 |a jubilejní publikace  |7 fd131839  |2 czenas 
910 |a BOA001  |b X-0357.965 
928 9 |a Schülerlade der Anstalt 
928 9 |a Schülerlade des Staats-Realgymnasiums in Nikolsburg 
990 |a BK 
993 |a Y 
996 7 |b 2619704312  |c X-0357.965  |l MZK  |r Sklad / do 24 hodin  |n 2  |w 000574196  |u 000010  |a 1  |e BOA001  |j MZK50  |s A